Learning Resource and Development

Business ethics : (Record no. 4885)

MARC details
000 -LEADER
fixed length control field 00952nam a22002897a 4500
005 - DATE AND TIME OF LATEST TRANSACTION
control field 20230512222112.0
008 - FIXED-LENGTH DATA ELEMENTS--GENERAL INFORMATION
fixed length control field 180524t xxu||||| |||| 00| 0 eng d
020 ## - INTERNATIONAL STANDARD BOOK NUMBER
International Standard Book Number 9780071277525
040 ## - CATALOGING SOURCE
Transcribing agency CSPC
082 0# - DEWEY DECIMAL CLASSIFICATION NUMBER
Classification number 174.4
Item number H255b
100 ## - MAIN ENTRY--PERSONAL NAME
Personal name Hartman, Laura P.,
Relator term author.
245 00 - TITLE STATEMENT
Title Business ethics :
Remainder of title decision-making for personal integrity and social responsibility/
Statement of responsibility, etc. Laura P. Hartman
260 ## - PUBLICATION, DISTRIBUTION, ETC.
Place of publication, distribution, etc. New York :
Name of publisher, distributor, etc. McGraw-Hill,
Date of publication, distribution, etc. 2008.
300 ## - PHYSICAL DESCRIPTION
Extent vi, 492 pages :
Other physical details figures,
Dimensions 23 cm.
336 ## - CONTENT TYPE
Source rdacontent
Content type term text
337 ## - MEDIA TYPE
Source rdamedia
Media type term unmediated
338 ## - CARRIER TYPE
Source rdacarrier
Carrier type term volume
500 ## - GENERAL NOTE
General note Includes Index.
650 10 - SUBJECT ADDED ENTRY--TOPICAL TERM
Topical term or geographic name entry element Business ethics.
650 10 - SUBJECT ADDED ENTRY--TOPICAL TERM
Topical term or geographic name entry element Social responsibility of business.
650 10 - SUBJECT ADDED ENTRY--TOPICAL TERM
Topical term or geographic name entry element Decision making.
700 1# - ADDED ENTRY--PERSONAL NAME
Personal name DesJardins, Joe
Relator term author.
940 ## - EQUIVALENCE OR CROSS-REFERENCE--UNIFORM TITLE [OBSOLETE] [CAN/MARC only]
Uniform title <a href="Lenie">Lenie</a>
942 ## - ADDED ENTRY ELEMENTS (KOHA)
Koha item type
-- CIR 174.4 H255b 2008
Holdings
Withdrawn status Lost status Damaged status Not for loan Home library Current library Shelving location Date acquired Total Checkouts Full call number Barcode Date last seen Copy number Price effective from Koha item type
        Main Library Main Library Circulation Section 05/12/2023   CIR 174.4 H255b 2008 011484 05/12/2023 1-5 05/12/2023 Books
        Main Library Main Library Circulation Section 05/12/2023   CIR 174.4 H255b 2008 011485 05/12/2023 2-5 05/12/2023 Books
        Main Library Main Library Circulation Section 05/12/2023   CIR 174.4 H255b 2008 011486 05/12/2023 3-5 05/12/2023 Books
        Main Library Main Library Circulation Section 05/12/2023   CIR 174.4 H255b 2008 011487 05/12/2023 4-5 05/12/2023 Books
        Main Library Main Library Circulation Section 05/12/2023   CIR 174.4 H255b 2008 011488 05/12/2023 5-5 05/12/2023 Books